000 00525nam a2200217Ia 4500
003 OSt
005 20250830122649.0
008 210210b2016 xxu||||| |||| 00| 0 eng d
020 _a8177000322
040 _cAL
041 _aeng
082 _a658 CHHP
100 _aChhabra T N
_9146130
245 _aPrinciples and practice of management Ed 9
250 _a9
260 _aNew Delhi
_bDhanpat Rai & Co (P) Ltd.
_c2016
300 _axv,907+5p
690 _aManagement
_9146136
906 _a070699
942 _2ddc
_cBK
999 _c120090
_d120090